Guide to Unix using Linux

Сохранить в:
Библиографические подробности
Главный автор: Palmer, Michael
Формат:
Язык:Undetermined
Опубликовано: Austrlia Thomson/Course Technology 2005
Предметы:
Метки: Добавить метку
Нет меток, Требуется 1-ая метка записи!
Thư viện lưu trữ: Trung tâm Học liệu Trường Đại học Cần Thơ
LEADER 00571nam a2200193Ia 4500
001 CTU_123459
008 210402s9999 xx 000 0 und d
020 |c 1303000 
082 |a 005.435 
082 |b P175 
100 |a Palmer, Michael 
245 0 |a Guide to Unix using Linux 
245 0 |c Michael Palmer, Jack Dent and Tony Gaddis 
260 |a Austrlia 
260 |b Thomson/Course Technology 
260 |c 2005 
650 |a UNIX (Computer file),Linux.,Operating systems ( Computers ) 
904 |i Minh 
980 |a Trung tâm Học liệu Trường Đại học Cần Thơ